000 00774nas a2200253 4500
001 BR9703066
003 BR-BrBNA
005 20231205100247.0
007 ta
008 230509b bl.|||p| |||| 00| 00por d
040 _aBR-BrBNA
_bpor
_cBiblioteca Nacional de Agricultura
041 _a(Pt)
072 _aP33; F08
100 1 _aTormena, C.A.
100 1 _aRoloff, G.
245 1 _aDinamica da resistencia a penetracao de um solo sob plantio direto
650 _aPlantio Direto
650 _aCompactacao do Solo
650 _aPorosidade
650 _aPermeabilidade
773 0 _tRevista Brasileira de Ciencia do Solo (Brazil)
_xISSN 0100-0683
_g(May-Aug 1996), v. 20(2) p. 333-339
_wBR9703066
909 _a202311
_bLúcia
_c55
_dLúcia Elande
942 _2AGRIS
_n0
_cANA
999 _c154989
_d154989